书目信息 |
| 题名: |
知识分子为什么反对市场
|
|
| 作者: | 哈耶克 著 ;秋风 译 | |
| 分册: | ||
| 出版信息: | 长春 吉林人民出版社 2005 |
|
| 页数: | 330页 | |
| 开本: | 20cm | |
| 丛书名: | 人文译丛 | |
| 单 册: | ||
| 中图分类: | F035.4 , F035.4 | |
| 科图分类: | ||
| 主题词: | 知识分子--研究--世界 , 资本主义政治经济学--市场经济学--研究 , 资本主义政治经济学 , 市场经济学 , 资本主义社会--生产方式 | |
| 电子资源: | ||
| ISBN: | 7-206-04161-2 | |
| 000 | 01190oam2 2200349 450 | |
| 001 | 012006200000122 | |
| 005 | 20070113103057.20 | |
| 010 | @a7-206-04161-2@dCNY25.90 | |
| 092 | @aCN@b474996 | |
| 100 | @a20060416d2005 em y0chiy0110 ea | |
| 101 | 1 | @achi@ceng |
| 102 | @aCN@b220000 | |
| 105 | @ay z 000yy | |
| 200 | 1 | @a知识分子为什么反对市场@9zhi shi fen zi wei shen me fan dui shi chang@f(英)F.A.哈耶克(F.A.Hayek)等著@g秋风编 |
| 205 | @a2版 | |
| 210 | @a长春@c吉林人民出版社@d2005 | |
| 215 | @a330页@d20cm | |
| 225 | 2 | @a人文译丛 |
| 330 | @a本书反映出自由市场大幅度地改进了世界各地民众的生活境遇,然而,那么多的知识分子仍然还是鄙视、厌恶甚至憎恨自由市场,对此进行了论述。 | |
| 461 | 0 | @12001 @a人文译丛 |
| 510 | 1 | @aIntellectualsvs.Free Market@zeng |
| 606 | 0 | @a知识分子@x研究@y世界 |
| 606 | 0 | @a资本主义政治经济学@x市场经济学@x研究 |
| 606 | 0 | @a资本主义政治经济学 |
| 606 | 0 | @a市场经济学 |
| 606 | 0 | @a资本主义社会@x生产方式 |
| 690 | @aF035.4@v4 | |
| 690 | @aF035.4@v3 | |
| 701 | 0 | @c(英)@a哈耶克@9ha ye ke@c(Hayek, Friedrch August Von@f1899~1992)@4著 |
| 702 | 0 | @a秋风@9qiu feng@4译 |
| 801 | 0 | @aCN@bLZJBOOK@c20070113 |
| 905 | @a10447@dF035.4@e51=2 | |
| 知识分子为什么反对市场/(英)F.A.哈耶克(F.A.Hayek)等著/秋风编.-2版.-长春:吉林人民出版社,2005 |
| 330页;20cm.-(人文译丛) |
| ISBN 7-206-04161-2:CNY25.90 |
| 本书反映出自由市场大幅度地改进了世界各地民众的生活境遇,然而,那么多的知识分子仍然还是鄙视、厌恶甚至憎恨自由市场,对此进行了论述。 |
| ● |
| 相关链接 |
|
|
|
|
正题名:知识分子为什么反对市场
索取号:F035.4/51=2
 
预约/预借
| 序号 | 登录号 | 条形码 | 馆藏地/架位号 | 状态 | 备注 |
| 1 | 0557901 | 205579015 | 第一样本阅览室/ [索取号:F035.4/51=2] | 在馆 | |
| 2 | 0557902 | 205579024 | 第一借阅区/ [索取号:F035.4/51=2] | 在馆 | |
| 3 | 0557903 | 205579033 | 第一借阅区/ [索取号:F035.4/51=2] | 在馆 | |
| 4 | 0557904 | 205579042 | 第一借阅区/ [索取号:F035.4/51=2] | 在馆 | |
| 5 | 0557905 | 205579051 | 第一借阅区/ [索取号:F035.4/51=2] | 在馆 | |
| 6 | 0557906 | 205579060 | 第一借阅区/ [索取号:F035.4/51=2] | 在馆 | |
| 7 | 0557907 | 205579079 | 第一借阅区/ [索取号:F035.4/51=2] | 在馆 | |
| 8 | 0557908 | 205579088 | 第一借阅区/ [索取号:F035.4/51=2] | 在馆 |